The university as an organization. (Record no. 1000)

000 -LEADER
fixed length control field 01028nam a22003257a 4500
001 - CONTROL NUMBER
control field 3132734
003 - CONTROL NUMBER IDENTIFIER
control field OSt
005 - DATE AND TIME OF LATEST TRANSACTION
control field 20210426114151.0
008 - FIXED-LENGTH DATA ELEMENTS--GENERAL INFORMATION
fixed length control field 720830s1973 nyu b 001 0 eng
010 ## - LIBRARY OF CONGRESS CONTROL NUMBER
LC control number 72008336
020 ## - INTERNATIONAL STANDARD BOOK NUMBER
International Standard Book Number 0070100535
040 ## - CATALOGING SOURCE
Original cataloging agency DLC
Transcribing agency DLC
Modifying agency DLC
Language of cataloging eng
041 ## - LANGUAGE CODE
Language code of text/sound track or separate title eng
050 00 - LIBRARY OF CONGRESS CALL NUMBER
Classification number LB2341
Item number .P43
080 ## - UNIVERSAL DECIMAL CLASSIFICATION NUMBER
Universal Decimal Classification number 37
Item number P-44
082 00 - DEWEY DECIMAL CLASSIFICATION NUMBER
Classification number 378.73
100 1# - MAIN ENTRY--PERSONAL NAME
Personal name Perkins, James Alfred,
Dates associated with a name 1911-
245 14 - TITLE STATEMENT
Title The university as an organization.
Statement of responsibility, etc. Edited by James A. Perkins.
Remainder of title / by: McGraw-Hill Book Company
260 ## - PUBLICATION, DISTRIBUTION, ETC.
Place of publication, distribution, etc. New York,
Name of publisher, distributor, etc. McGraw-Hill Book Company
Date of publication, distribution, etc. [1973]
300 ## - PHYSICAL DESCRIPTION
Extent xx, 273 p.
Dimensions 23 cm.
500 ## - GENERAL NOTE
General note A report for the Carnegie Commission on Higher Education.
504 ## - BIBLIOGRAPHY, ETC. NOTE
Bibliography, etc. note Bibliography: p. 261-268.
650 #0 - SUBJECT ADDED ENTRY--TOPICAL TERM
Topical term or geographic name entry element Universities and colleges
General subdivision Administration.
650 #0 - SUBJECT ADDED ENTRY--TOPICAL TERM
Topical term or geographic name entry element Management.
650 #0 - SUBJECT ADDED ENTRY--TOPICAL TERM
Topical term or geographic name entry element Education
9 (RLIN) 318
653 ## - INDEX TERM--UNCONTROLLED
Uncontrolled term განათლება
710 2# - ADDED ENTRY--CORPORATE NAME
Corporate name or jurisdiction name as entry element Carnegie Commission on Higher Education.
906 ## - LOCAL DATA ELEMENT F, LDF (RLIN)
a 7
b cbc
c orignew
d 1
e ocip
f 19
g y-gencatlg
942 ## - ADDED ENTRY ELEMENTS (KOHA)
Source of classification or shelving scheme
Koha item type Books
Holdings
Withdrawn status Lost status Source of classification or shelving scheme Damaged status Not for loan Permanent location Current location Date acquired Inventory number Total Checkouts Full call number Barcode Date last seen Price effective from Koha item type
          Ken Walker International University Ken Walker International University 01/27/2021 2484   37 P-44 2484 01/27/2021 01/27/2021 Books

Powered by Koha